000 00286nam a22001337a 4500
008 181016b xxu||||| |||| 00| 0 eng d
020 _a9780929005652
041 _aeng
080 _a316
100 _a50
101 _aSOC
245 _aSexual Harassment
_cLarkin,J
942 _2udc
_cBK
999 _c49907
_d49907